000 01014cpcaa2200289 4500
001 mm 79000996
003 DLC
005 20260227111634.0
008 790423|||||||||||| eng
010 _amm 79000996
040 _aDLC
_cDLC
_edacs
_dDLC
072 7 _aC
_2lcmd
100 1 _aDallas, Alexander James,
_d1759-1817.
245 0 0 _aAlexander James Dallas correspondence and memorandum,
_f1792-1816.
300 _a7
_fitems.
506 0 _aOpen to research.
545 0 _aU.S. secretary of the treasury, lawyer, and author.
546 _aCollection material in English.
580 _aForms part of: Miscellaneous Manuscripts collection.
656 7 _aAuthors.
_2itoamc
656 7 _aCabinet officers.
_2itoamc
656 7 _aLawyers.
_2itoamc
999 _c40591
_d40591